|
|
|
|
| LEADER |
00000nab a2200000 a 4500 |
| 001 |
vtls000136853 |
| 003 |
SK-MaSNL |
| 005 |
20260303203924.0 |
| 008 |
111031c1982 xo 0 slo |
| 015 |
|
|
|a SNBRA19rr/mm-uuuuu
|
| 035 |
|
|
|a CL0146959
|
| 040 |
|
|
|a SNKBUCL
|b slo
|c SNKBUCL
|e AACR2
|
| 041 |
0 |
|
|a slo
|
| 044 |
|
|
|a xo
|c SK
|
| 080 |
|
|
|a 502
|2 1981
|
| 080 |
|
|
|a 016
|2 1981
|
| 100 |
1 |
|
|a Marček, Aladár
|4 aut
|9 279951
|
| 245 |
1 |
0 |
|a Tatranský národný park (Vysoké Tatry) a knižná tvorba
|c Aladár Marček
|
| 650 |
0 |
7 |
|a bibliografie odborné
|2 snkbucl
|9 1011006
|
| 651 |
|
7 |
|a Tatranský národný park (Slovensko)
|2 snkbucl
|9 106968
|
| 651 |
|
7 |
|a Vysoké Tatry (Poľsko a Slovensko : pohorie)
|2 snkbucl
|9 67729
|
| 655 |
|
7 |
|a články zo zborníkov
|2 snkbucl
|9 166140
|
| 773 |
0 |
|
|t Zborník prác o Tatranskom národnom parku 23
|d Martin : Osveta, 1982
|
| 850 |
|
|
|a Slovenská národná knižnica v Martine
|a MTA001
|
| 852 |
|
|
|a SNK
|b KIS3GCP
|
| 958 |
|
|
|a RK
|
| 992 |
|
|
|a RZB
|
| 999 |
|
|
|c 2187713
|d 2189643
|